Svět podle Spojených států amerických
Koniec studenej vojny a nové vzťahy USA k bývalým nepriateľom, spojencom či k štátom s nevyhraneným vzťahom. Metafory charakterizujúce tieto vzťahy. Irak v úlohe "pacienta". Francúzsko ako "príbuzný". Veľká Británia v úlohe "priateľa".
Enregistré dans:
| Auteur principal: | |
|---|---|
| Format: | Chapitre de livre |
| Langue: | tchèque |
| Sujets: | |
| Tags: |
Pas de tags, Soyez le premier à ajouter un tag!
|
MARC
| LEADER | 00000naa$a2200000$$$4500 | ||
|---|---|---|---|
| 001 | 0027445 | ||
| 005 | 20231016092047.5 | ||
| 041 | 0 | |a cze | |
| 044 | |a CZ | ||
| 245 | 1 | 0 | |a Svět podle Spojených států amerických |c Filip Štrobich |
| 520 | |a Koniec studenej vojny a nové vzťahy USA k bývalým nepriateľom, spojencom či k štátom s nevyhraneným vzťahom. Metafory charakterizujúce tieto vzťahy. Irak v úlohe "pacienta". Francúzsko ako "príbuzný". Veľká Británia v úlohe "priateľa". | ||
| 610 | 2 | 0 | |a vzťahy medzinárodné |
| 610 | 2 | 0 | |a politika medzinárodná |
| 610 | 2 | 0 | |a spolupráca medzinárodná |
| 610 | 2 | 0 | |a demokracia |
| 610 | 2 | 0 | |a štát |
| 610 | 2 | 0 | |a prezidenti |
| 610 | 2 | 0 | |a USA |
| 610 | 2 | 0 | |a Irak |
| 610 | 2 | 0 | |a Francúzsko |
| 610 | 2 | 0 | |a Veľká Británia |
| 100 | 1 | |a Štrobich, Filip | |